Textile Fabrics (Record no. 2297)

MARC details
000 -LEADER
fixed length control field 00335nam a2200145Ia 4500
008 - FIXED-LENGTH DATA ELEMENTS--GENERAL INFORMATION
fixed length control field 191201s2006 xx 000 0 und d
082 ## - DEWEY DECIMAL CLASSIFICATION NUMBER
Classification number 677
Item number KAT
100 ## - MAIN ENTRY--PERSONAL NAME
Personal name KAPLAN, N S
245 #0 - TITLE STATEMENT
Title Textile Fabrics
250 ## - EDITION STATEMENT
Edition statement 1st
260 ## - PUBLICATION, DISTRIBUTION, ETC. (IMPRINT)
Place of publication, distribution, etc N.Delhi
Name of publisher, distributor, etc Abhishek Publications
Date of publication, distribution, etc 2006
300 ## - PHYSICAL DESCRIPTION
Extent 247
650 ## - SUBJECT ADDED ENTRY--TOPICAL TERM
Topical term or geographic name as entry element B.Tech(TE)
942 ## - ADDED ENTRY ELEMENTS (KOHA)
Source of classification or shelving scheme Dewey Decimal Classification
Koha item type Text Books
Holdings
Withdrawn status Lost status Source of classification or shelving scheme Damaged status Not for loan Collection code Home library Current library Date acquired Source of acquisition Cost, normal purchase price Bill Number Total Checkouts Full call number Acc. no. / Barcode Date last seen Date last borrowed Bill Date Koha item type
    Dewey Decimal Classification     B.Tech(TE) PIET C-LIBRARY PIET C-LIBRARY 28/08/2006 Abhishek Publications 695.00 8030 1 677 KAT 4816 10/11/2025 04/10/2025 27/02/2006 Text Books
    Dewey Decimal Classification     B.Tech(TE) PIET C-LIBRARY PIET C-LIBRARY 28/08/2006 Abhishek Publications 695.00 8030   677 KAT 4817 04/12/2019   27/02/2006 Text Books
    Dewey Decimal Classification     B.Tech(TE) PIET C-LIBRARY PIET C-LIBRARY 28/08/2006 Abhishek Publications 695.00 8030   677 KAT 4818 04/12/2019   27/02/2006 Text Books
    Dewey Decimal Classification     B.Tech(TE) PIET C-LIBRARY PIET C-LIBRARY 28/08/2006 Abhishek Publications 695.00 8030   677 KAT 4819 04/12/2019   27/02/2006 Text Books
    Dewey Decimal Classification     B.Tech(TE) PIET C-LIBRARY PIET C-LIBRARY 28/08/2006 Abhishek Publications 695.00 8030   677 KAT 4820 04/12/2019   27/02/2006 Text Books

Design & Developed by: PIET Central Library
R70 Miles Stone Pattikalyana Samalkha Panipat 132102
mail ID :- [email protected], Phone No:- 0180-2569700 Ex.216